| 000 | 00454nam a22001817a 4500 | ||
|---|---|---|---|
| 003 | MPLRDC | ||
| 005 | 20220104194353.0 | ||
| 008 | 210129b ||||| |||| 00| 0 eng d | ||
| 020 | _a978-986-85898-2-7 | ||
| 082 | _a413.94 ZZZ | ||
| 100 | _a张振泽 | ||
| 245 |
_a对症养生武医八段锦 _c |
||
| 250 | _a初版 | ||
| 260 |
_a台湾 _b京典出版事业有限公司 _c2010 |
||
| 300 | _bCD一片 | ||
| 650 | _a气功 | ||
| 942 |
_cBK _o413.94 ZZZ |
||
| 999 |
_c65649 _d65639 |
||